[Event "11th Reykjavik op"]
[Site "Reykjavik ISL"]
[Date "1984.02.24"]
[Round "9"]
[White "Ree, Hans"]
[Black "Balashov, Yury"]
[Result "1/2-1/2"]
[WhiteElo "2480"]
[BlackElo "2535"]
[EventDate "1984.02.14"]
[PlyCount "27"]

1.d4 Nf6 2.c4 e6 3.Nf3 b6 4.Nc3 Bb7 5.Bg5 Be7 6.e3 h6 7.Bh4 Ne4 8.Bxe7 
Qxe7 9.Rc1 O-O 10.Be2 d6 11.O-O Nd7 12.Nxe4 Bxe4 13.Nd2 Bb7 14.Bf3 1/2-1/2

[Event "11th Reykjavik op"]
[Site "Reykjavik ISL"]
[Date "1984.02.24"]
[Round "9"]
[White "Reshevsky, Samuel Herman"]
[Black "Arnason, Jon"]
[Result "1/2-1/2"]
[WhiteElo "2460"]
[BlackElo "2500"]
[EventDate "1984.02.14"]
[PlyCount "37"]

1.d4 Nf6 2.c4 e6 3.Nf3 c5 4.d5 exd5 5.cxd5 d6 6.Nc3 g6 7.Nd2 Bg7 8.e4 O-O 
9.Bd3 Re8 10.O-O Nbd7 11.Nc4 Ne5 12.Nxe5 Rxe5 13.Bf4 Re8 14.Qd2 a6 15.a4 
c4 16.Bc2 Rb8 17.a5 b5 18.axb6 Qxb6 19.Be3 1/2-1/2

[Event "11th Reykjavik op"]
[Site "Reykjavik ISL"]
[Date "1984.02.24"]
[Round "9"]
[White "Schneider, Lars-Aake"]
[Black "De Firmian, Nick"]
[Result "1-0"]
[WhiteElo "2440"]
[BlackElo "2515"]
[EventDate "1984.02.14"]
[PlyCount "83"]

1.e4 c5 2.Nf3 d6 3.d4 cxd4 4.Nxd4 Nf6 5.Nc3 a6 6.f4 e5 7.Nf3 Nbd7 8.Bd3 
Be7 9.O-O O-O 10.Qe1 b5 11.a4 b4 12.Ne2 Nc5 13.Ng3 Re8 14.Kh1 Qc7 15.fxe5 
dxe5 16.Bg5 a5 17.Nh4 Nxd3 18.cxd3 Nd5 19.Bxe7 Nxe7 20.Nh5 Bg4 21.Nxg7 
Kxg7 22.Qg3 Qd7 23.Nf5+ Nxf5 24.Qxg4+ Kh8 25.Rxf5 Ra6 26.h3 f6 27.Rxe5 Rd8
28.Rd5 Rd6 29.Qxd7 R8xd7 30.Rxd6 Rxd6 31.Rd1 Rd4 32.b3 Kg7 33.Kg1 Kf7 34.
Kf2 Rd8 35.d4 Rc8 36.Rd3 Rc2+ 37.Kf3 Ke6 38.g3 h5 39.h4 Kd6 40.Kf4 Ke6 41.
g4 Rc3 42.Rf3 1-0

[Event "11th Reykjavik op"]
[Site "Reykjavik ISL"]
[Date "1984.02.24"]
[Round "9"]
[White "Shamkovich, Leonid"]
[Black "McCambridge, Vincent"]
[Result "1-0"]
[WhiteElo "2450"]
[BlackElo "2465"]
[EventDate "1984.02.14"]
[PlyCount "93"]

1.c4 e5 2.Nc3 d6 3.g3 g6 4.Bg2 Bg7 5.d3 Nc6 6.Rb1 a5 7.a3 f5 8.e3 Nf6 9.
Nge2 O-O 10.O-O Ne7 11.b4 axb4 12.axb4 g5 13.f4 h6 14.b5 Qe8 15.b6 c6 16.
c5 dxc5 17.fxe5 Nfd5 18.d4 Be6 19.Na4 cxd4 20.Nc5 Bc8 21.exd4 Qg6 22.Qc2 
Rd8 23.Bd2 Qh5 24.Bf3 Qh3 25.Nd3 f4 26.Nf2 Qe6 27.gxf4 gxf4 28.Bxf4 Qf7 
29.Bxd5 Nxd5 30.Ne4 Bf5 31.Bg5 Rf8 32.N2g3 Bxe4 33.Qxe4 Qe6 34.Bd2 Ra2 35.
Rxf8+ Bxf8 36.Qd3 Qg4 37.Rf1 h5 38.Rf5 Qd1+ 39.Nf1 Qg4+ 40.Qg3 Qxg3+ 41.
hxg3 Ra4 42.Rg5+ Bg7 43.Ne3 Rxd4 44.Rxg7+ Kxg7 45.Nf5+ Kg6 46.Nxd4 Nxb6 
47.Bb4 1-0

[Event "11th Reykjavik op"]
[Site "Reykjavik ISL"]
[Date "1984.02.24"]
[Round "9"]
[White "Thorhallsson, Throestur"]
[Black "Haraldsson, Haraldur"]
[Result "0-1"]
[WhiteElo "2315"]
[BlackElo "2215"]
[EventDate "1984.02.14"]
[PlyCount "96"]

1.e4 c5 2.Nf3 d6 3.d4 cxd4 4.Nxd4 Nf6 5.Nc3 a6 6.Bg5 e6 7.f4 Nbd7 8.Qf3 
Qc7 9.O-O-O b5 10.g4 Bb7 11.a3 Be7 12.Bxf6 gxf6 13.Qh3 h5 14.Rg1 O-O-O 15.
gxh5 Bf8 16.Kb1 Kb8 17.Be2 Rc8 18.Rg3 Nc5 19.Bd3 e5 20.Nde2 Bh6 21.Qf5 Ne6
22.Qxf6 exf4 23.Rg2 Rcf8 24.Nd5 Qc5 25.Nec3 Qd4 26.Qe7 Qe5 27.a4 f3 28.Rg3
Bg5 29.Rxg5 Nxg5 30.Qc7+ Ka8 31.axb5 Ne6 32.Qb6 a5 33.Qxa5+ Kb8 34.b6 Nc5 
35.Bb5 f5 36.b4 Nxe4 37.Bd7 Nxc3+ 38.Nxc3 Qxa5 39.bxa5 Rxh5 40.Bb5 f4 41.
a6 Rxb5+ 42.Nxb5 Bxa6 43.c4 Re8 44.Rf1 Re3 45.Nxd6 Rd3 46.c5 Rb3+ 47.Kc2 
Bxf1 48.Kxb3 f2 0-1

[Event "11th Reykjavik op"]
[Site "Reykjavik ISL"]
[Date "1984.02.24"]
[Round "9"]
[White "Thorsteins, Karl"]
[Black "Zaltsman, Vitaly"]
[Result "1-0"]
[WhiteElo "2375"]
[BlackElo "2390"]
[EventDate "1984.02.14"]
[PlyCount "78"]

1.d4 d5 2.Nf3 Nf6 3.e3 Bf5 4.c4 c6 5.Bd3 Bg6 6.O-O e6 7.Nc3 Nbd7 8.b3 Bd6 
9.Bb2 Ne4 10.Qc2 f5 11.Ne2 Qb8 12.g3 Bh5 13.Ne1 O-O 14.f3 Nef6 15.Ng2 Qe8 
16.Nc3 Bb4 17.Nf4 g5 18.Nxh5 Qxh5 19.e4 fxe4 20.fxe4 Bxc3 21.Bxc3 Ng4 22.
Qe2 Ndf6 23.Bb4 dxe4 24.Bc2 Rf7 25.Rae1 Rd8 26.Bc3 Rdf8 27.Bb4 Nxh2 28.
Bxf8 Nxf1 29.Bd6 Ng4 30.Bxe4 Nfe3 31.d5 exd5 32.cxd5 Rf2 33.Qxf2 Nxf2 34.
Kxf2 Nxd5 35.Bf5 Qh2+ 36.Kf3 Qd2 37.Re8+ Kf7 38.Rf8+ Kg7 39.Re8 Nf6 1-0

[Event "11th Reykjavik op"]
[Site "Reykjavik ISL"]
[Date "1984.02.24"]
[Round "9"]
[White "Wesseln, Kai"]
[Black "Solmundarson, Magnus"]
[Result "1-0"]
[WhiteElo "2350"]
[BlackElo "2265"]
[EventDate "1984.02.14"]
[PlyCount "89"]

1.d4 d5 2.c4 c6 3.Nf3 Nf6 4.Nc3 g6 5.Bf4 Bg7 6.e3 O-O 7.Be2 dxc4 8.Bxc4 
Bg4 9.O-O Nbd7 10.h3 Bxf3 11.Qxf3 a5 12.Rfd1 e6 13.Bg5 h6 14.Bh4 Qb6 15.
Rab1 Qb4 16.Qe2 a4 17.a3 Qa5 18.Bg3 Rfe8 19.Bd6 Bf8 20.Bxf8 Kxf8 21.e4 Nb6
22.Ba2 Qh5 23.Qe3 Nbd7 24.f4 Qh4 25.e5 Nh5 26.g4 Ng7 27.Rf1 h5 28.Qf3 hxg4
29.hxg4 Ke7 30.Kg2 Kd8 31.Rh1 Qe7 32.Ne4 Kc7 33.Rh7 Rg8 34.Rc1 Rh8 35.Qh3 
Nh5 36.Rxh8 Nxf4+ 37.Kg3 Nxh3 38.Rxa8 Ng5 39.Nd6 Nh7 40.Rc8+ Kb6 41.R8xc6+
Ka5 42.Nxb7+ Kb5 43.Nd6+ Ka5 44.R1c5+ Nxc5 45.Rxc5+ 1-0

[Event "11th Reykjavik op"]
[Site "Reykjavik ISL"]
[Date "1984.02.25"]
[Round "10"]
[White "Angantysson, Haukur"]
[Black "Karlsson, Hilmar"]
[Result "1/2-1/2"]
[WhiteElo "2395"]
[BlackElo "2220"]
[EventDate "1984.02.14"]
[PlyCount "141"]

1.Nf3 Nf6 2.g3 b6 3.Bg2 Bb7 4.O-O e6 5.d3 d5 6.Nbd2 Be7 7.e3 O-O 8.Qe2 Nc6
9.b3 a5 10.a3 Nd7 11.Bb2 Bf6 12.d4 Ba6 13.c4 Nc5 14.Rab1 Nxb3 15.Nxb3 dxc4
16.Qc2 cxb3 17.Qxc6 Bxf1 18.Rxf1 Qd6 19.Nd2 a4 20.Qxd6 cxd6 21.Bxa8 Rxa8 
22.Rc1 d5 23.Kf1 Be7 24.Ke2 Kf8 25.Nb1 Ke8 26.Rc7 Kd8 27.Rb7 Rc8 28.Bc3 
Bxa3 29.Rxb6 Bb2 30.Kd3 Bxc3 31.Nxc3 Ra8 32.Nb5 a3 33.Nxa3 Rxa3 34.Rb8+ 
Ke7 35.Rb7+ Kf6 36.e4 b2+ 37.Ke2 Ra4 38.Ke3 Ra3+ 39.Ke2 dxe4 40.Rxb2 Rd3 
41.Rb4 g5 42.h3 h5 43.Kf1 h4 44.gxh4 gxh4 45.Kg2 e3 46.d5 exd5 47.fxe3 
Rxe3 48.Rxh4 Ke5 49.Kf2 d4 50.Rh8 f5 51.h4 Ra3 52.h5 Kf4 53.Ke2 Re3+ 54.
Kd2 Rh3 55.h6 Kg5 56.Rg8+ Kf6 57.Rh8 Kg6 58.Rg8+ Kf7 59.Rh8 Rh4 60.Kd3 Kg6
61.h7 Kg7 62.Rd8 Kxh7 63.Rxd4 Rh3+ 64.Ke2 Kg6 65.Kf2 Kg5 66.Ra4 Rb3 67.Kg2
Rb2+ 68.Kf3 Rb3+ 69.Kg2 Rb1 70.Rc4 f4 71.Rc8 1/2-1/2

[Event "11th Reykjavik op"]
[Site "Reykjavik ISL"]
[Date "1984.02.25"]
[Round "10"]
[White "Arnason, Asgeir Thor"]
[Black "Meyer, Holger"]
[Result "0-1"]
[WhiteElo "2260"]
[BlackElo "2305"]
[EventDate "1984.02.14"]
[PlyCount "64"]

1.d4 Nf6 2.c4 e6 3.Nf3 Bb4+ 4.Bd2 a5 5.Nc3 b6 6.g3 O-O 7.Bg2 Ba6 8.Ne5 Ra7
9.Nb5 Bxb5 10.cxb5 d6 11.Nd3 Qd7 12.a4 Bxd2+ 13.Qxd2 c6 14.bxc6 Nxc6 15.e3
e5 16.dxe5 dxe5 17.Qc3 e4 18.Nf4 Nb4 19.O-O Rc7 20.Rad1 Qe7 21.Qb3 Rc2 22.
Rd4 Re8 23.Rfd1 g5 24.Nh3 h6 25.Bf1 Rec8 26.Kg2 Kg7 27.Bb5 Qe5 28.Bc4 Qf5 
29.Bxf7 Qf3+ 30.Kg1 Nd3 31.Rf1 Nxf2 32.Nxf2 Rxf2 0-1

[Event "11th Reykjavik op"]
[Site "Reykjavik ISL"]
[Date "1984.02.25"]
[Round "10"]
[White "Arnason, Jon"]
[Black "Christiansen, Larry"]
[Result "1/2-1/2"]
[WhiteElo "2500"]
[BlackElo "2550"]
[EventDate "1984.02.14"]
[PlyCount "96"]

1.e4 e5 2.Nf3 Nc6 3.Bb5 a6 4.Ba4 Nf6 5.O-O Be7 6.Re1 b5 7.Bb3 d6 8.c3 O-O 
9.h3 Nb8 10.d4 Nbd7 11.Nbd2 Bb7 12.Bc2 Re8 13.Nf1 Bf8 14.Ng3 g6 15.a4 c5 
16.d5 c4 17.Bg5 h6 18.Be3 Bg7 19.Qd2 h5 20.Rf1 Nh7 21.Ng5 Nxg5 22.Bxg5 f6 
23.Be3 Rb8 24.Ne2 Bc8 25.axb5 axb5 26.f4 exf4 27.Nxf4 Ne5 28.Bd4 Bh6 29.
Qf2 Rb7 30.Ra8 Bxf4 31.Qxf4 Rf8 32.Qh4 Rbf7 33.Be3 Rh7 34.Qf2 h4 35.Rb8 g5
36.Bxg5 fxg5 37.Qxf8+ Qxf8 38.Rxf8+ Kxf8 39.Rxc8+ Kf7 40.Rd8 Ke7 41.Rb8 
Rf7 42.Rxb5 Rf4 43.b3 g4 44.hxg4 Rxg4 45.Kh2 Rg3 46.Bd1 Rxc3 47.bxc4 Rxc4 
48.Bf3 Rc3 1/2-1/2

[Event "11th Reykjavik op"]
[Site "Reykjavik ISL"]
[Date "1984.02.25"]
[Round "10"]
[White "Balashov, Yury"]
[Black "Wedberg, Tom"]
[Result "1/2-1/2"]
[WhiteElo "2535"]
[BlackElo "2495"]
[EventDate "1984.02.14"]
[PlyCount "72"]

1.e4 e5 2.Nf3 Nc6 3.Bb5 Bc5 4.c3 Nf6 5.d4 exd4 6.e5 Ne4 7.O-O d5 8.Nxd4 
O-O 9.Bxc6 bxc6 10.Be3 Qe8 11.Re1 Qxe5 12.Nxc6 Qd6 13.Bxc5 Qxc5 14.Nd4 Qb6
15.Qb3 c5 16.Qxb6 axb6 17.Nc2 Rd8 18.f3 Nf6 19.Nd2 Bf5 20.Ne3 Be6 21.a3 g5
22.Rad1 Rac8 23.Nc2 Bf5 24.Ne3 Be6 25.Nc2 Kg7 26.Nf1 Rd7 27.Rd2 Rcd8 28.
Red1 h5 29.Nfe3 Ng8 30.Rf1 Ne7 31.f4 d4 32.cxd4 cxd4 33.Nd1 g4 34.Nb4 Nf5 
35.Re1 Rc8 36.Nf2 Rdc7 1/2-1/2

[Event "11th Reykjavik op"]
[Site "Reykjavik ISL"]
[Date "1984.02.25"]
[Round "10"]
[White "Benedictsson, Benony"]
[Black "Bjornsson, Tomas"]
[Result "0-1"]
[WhiteElo "2355"]
[BlackElo "2220"]
[EventDate "1984.02.14"]
[PlyCount "82"]

1.d4 d5 2.c4 c6 3.Nc3 Nf6 4.cxd5 Nxd5 5.e4 Nxc3 6.bxc3 g6 7.f4 Bg7 8.Nf3 
O-O 9.Be3 c5 10.Qd2 Nd7 11.Be2 Qa5 12.e5 cxd4 13.cxd4 Qd5 14.Rc1 Nb6 15.
Rc5 Qd7 16.O-O Nd5 17.Bc4 e6 18.Bxd5 exd5 19.Rfc1 b6 20.Rc7 Qb5 21.h3 Bd7 
22.g4 Rfc8 23.Rxc8+ Rxc8 24.Rxc8+ Bxc8 25.Qc2 Ba6 26.Qf2 Bf8 27.Kh2 Qe2 
28.f5 Qxf2+ 29.Bxf2 Bc4 30.Kg2 gxf5 31.gxf5 Bxa2 32.Bh4 Bg7 33.Be7 Bb1 34.
f6 Bh6 35.Kf2 Bf5 36.Kg3 Be3 37.h4 h6 38.Bd6 b5 39.Bb4 a6 40.h5 Bd7 41.Kh4
Bf2# 0-1

[Event "11th Reykjavik op"]
[Site "Reykjavik ISL"]
[Date "1984.02.25"]
[Round "10"]
[White "Bergmann, Throstur"]
[Black "Bjarnason, Saevar"]
[Result "1/2-1/2"]
[WhiteElo "2240"]
[BlackElo "2375"]
[EventDate "1984.02.14"]
[PlyCount "94"]

1.Nf3 Nf6 2.d4 g6 3.c4 Bg7 4.Nc3 O-O 5.Bg5 d6 6.e3 c5 7.Be2 Nc6 8.O-O h6 
9.Bh4 a6 10.Qd2 Bf5 11.Rad1 Ne4 12.Nxe4 Bxe4 13.d5 Na5 14.Qc1 Bxf3 15.gxf3
Rb8 16.a4 g5 17.Bg3 Qb6 18.Qd2 Qxb2 19.Qxb2 Bxb2 20.Rb1 Bc3 21.Rb6 Bb4 22.
f4 Kg7 23.f5 Nb3 24.f3 Kf6 25.Bd3 Kg7 26.Kg2 Rg8 27.Be1 Bxe1 28.Rxb3 Bb4 
29.Kg3 Kf6 30.h3 Ke5 31.Rd1 b5 32.cxb5 axb5 33.axb5 Kxd5 34.f4 c4 35.Rxb4 
cxd3 36.Rxd3+ Kc5 37.Rdb3 Rb6 38.Rb1 d5 39.R4b2 Rgb8 40.Rc1+ Kd6 41.Rcb1 
e6 42.fxe6 gxf4+ 43.Kxf4 fxe6 44.Kf3 Rf8+ 45.Ke2 Rf5 46.Rb4 Kc5 47.Rh4 h5 
1/2-1/2

[Event "11th Reykjavik op"]
[Site "Reykjavik ISL"]
[Date "1984.02.25"]
[Round "10"]
[White "Chandler, Murray Graham"]
[Black "Ostermeyer, Peter"]
[Result "1/2-1/2"]
[WhiteElo "2515"]
[BlackElo "2460"]
[EventDate "1984.02.14"]
[PlyCount "49"]

1.e4 c5 2.Nf3 d6 3.d4 Nf6 4.Nc3 cxd4 5.Nxd4 a6 6.Be3 e5 7.Nf3 Be7 8.Bc4 h6
9.Qe2 O-O 10.a4 Nc6 11.O-O Bg4 12.Rfd1 Rc8 13.h3 Be6 14.Nd5 Bxd5 15.Bxd5 
Nxd5 16.Rxd5 Qc7 17.c3 Nb8 18.a5 Nd7 19.Rdd1 Qc6 20.Qc2 Rfd8 21.Ra4 Nf6 
22.Nh4 d5 23.Nf5 Bf8 24.exd5 Rxd5 25.Re1 1/2-1/2

[Event "11th Reykjavik op"]
[Site "Reykjavik ISL"]
[Date "1984.02.25"]
[Round "10"]
[White "De Firmian, Nick"]
[Black "Schuessler, Harry"]
[Result "0-1"]
[WhiteElo "2515"]
[BlackElo "2445"]
[EventDate "1984.02.14"]
[PlyCount "80"]

1.e4 c5 2.Nf3 Nc6 3.d4 cxd4 4.Nxd4 Nf6 5.Nc3 d6 6.Bc4 Qb6 7.Ndb5 a6 8.Be3 
Qa5 9.Nd4 Ne5 10.Nb3 Qc7 11.Be2 e6 12.O-O Be7 13.f4 Nc4 14.Bxc4 Qxc4 15.
Qf3 O-O 16.Rad1 Nd7 17.Qg3 Re8 18.Kh1 b5 19.Bd4 g6 20.e5 Bb7 21.Na5 Qc7 
22.Nxb7 Qxb7 23.f5 Nxe5 24.fxe6 fxe6 25.Bxe5 dxe5 26.Qxe5 Qc6 27.h4 Rf8 
28.h5 Qc4 29.Rxf8+ Rxf8 30.hxg6 hxg6 31.Rd4 Qf1+ 32.Kh2 Qf5 33.Qxf5 gxf5 
34.g3 Rc8 35.a3 Bxa3 36.bxa3 Rxc3 37.Rd6 Rxc2+ 38.Kh3 Rc3 39.a4 f4 40.Rxe6
bxa4 0-1

[Event "11th Reykjavik op"]
[Site "Reykjavik ISL"]
[Date "1984.02.25"]
[Round "10"]
[White "Gretarsson, Andri Ass"]
[Black "Karlsson, Agust Sindri"]
[Result "1-0"]
[WhiteElo "2225"]
[BlackElo "2285"]
[EventDate "1984.02.14"]
[PlyCount "75"]

1.e4 e5 2.Nf3 Nc6 3.Bb5 Nd4 4.Nxd4 exd4 5.O-O Bc5 6.Bc4 Qh4 7.d3 d5 8.exd5
Nf6 9.Qe1+ Kf8 10.f3 Qh5 11.Bf4 Bd7 12.Qe5 Bb6 13.Qxh5 Nxh5 14.Bg3 Nxg3 
15.hxg3 Ba5 16.a3 b5 17.b4 bxc4 18.dxc4 Bf5 19.Ra2 c6 20.bxa5 cxd5 21.cxd5
Rd8 22.g4 Bg6 23.c4 Ke7 24.Nd2 Rb8 25.f4 f5 26.g5 Kd6 27.Nf3 d3 28.Ne5 Rb3
29.Kf2 Bh5 30.Ke3 d2+ 31.Kxd2 Rhb8 32.Nd3 Re8 33.Kc2 Be2 34.Kxb3 Bxf1 35.
Ne5 Kc5 36.Rf2 Rb8+ 37.Kc2 Bxc4 38.Nd7+ 1-0

[Event "11th Reykjavik op"]
[Site "Reykjavik ISL"]
[Date "1984.02.25"]
[Round "10"]
[White "Gutman, Lev"]
[Black "Wesseln, Kai"]
[Result "1-0"]
[WhiteElo "2480"]
[BlackElo "2350"]
[EventDate "1984.02.14"]
[PlyCount "59"]

1.Nf3 c5 2.g3 g6 3.Bg2 Bg7 4.d4 cxd4 5.Nxd4 Nf6 6.O-O O-O 7.c4 Nc6 8.Nc3 
Nxd4 9.Qxd4 d6 10.Qd3 a6 11.Be3 Bf5 12.Qd2 Rb8 13.Ba7 Rc8 14.c5 Qd7 15.
cxd6 Bh3 16.Bxh3 Qxh3 17.f3 Rfd8 18.e4 Rxd6 19.Qf2 Bh6 20.Rad1 Rcd8 21.
Rxd6 Rxd6 22.Bd4 e5 23.Bxe5 Rd2 24.Ne2 Bf8 25.Nf4 Qd7 26.Nd5 Nxd5 27.Qxd2 
Bc5+ 28.Kh1 Qh3 29.Re1 Ne3 30.Bf4 1-0

[Event "11th Reykjavik op"]
[Site "Reykjavik ISL"]
[Date "1984.02.25"]
[Round "10"]
[White "Halldorsson, Bragi"]
[Black "Jonasson, Benedikt"]
[Result "0-1"]
[WhiteElo "2250"]
[BlackElo "2210"]
[EventDate "1984.02.14"]
[PlyCount "90"]

1.d4 Nf6 2.c4 e6 3.Nc3 Bb4 4.a3 Bxc3+ 5.bxc3 d6 6.f3 Nh5 7.e4 Qh4+ 8.Kd2 
Ng3 9.Qe1 Nxf1+ 10.Qxf1 Nc6 11.Kc2 b6 12.Nh3 Qe7 13.Qf2 Na5 14.c5 bxc5 15.
dxc5 Qd7 16.a4 Ba6 17.cxd6 cxd6 18.Bd2 O-O 19.Nf4 f5 20.Rhe1 fxe4 21.Rxe4 
e5 22.Nd3 Bxd3+ 23.Kxd3 Nb3 24.Rae1 Nc5+ 25.Kc2 Nxe4 26.Rxe4 Rab8 27.Qe2 
Qf7 28.Qa6 Rfc8 29.Kd1 Rd8 30.Ke2 Rb2 31.Qd3 Qe6 32.Qe3 Rdb8 33.Qxa7 Qa2 
34.Qe3 Rxd2+ 35.Qxd2 Rb2 36.Qxb2 Qxb2+ 37.Kd3 Qxg2 38.Ke3 Qc2 39.Rc4 Kf7 
40.a5 Qc1+ 41.Ke4 Ke6 42.Rc7 Qd2 43.f4 d5+ 44.Kf3 e4+ 45.Kg4 Qg2+ 0-1

[Event "11th Reykjavik op"]
[Site "Reykjavik ISL"]
[Date "1984.02.25"]
[Round "10"]
[White "Halldorsson, Gudmundur"]
[Black "Haraldsson, Haraldur"]
[Result "1-0"]
[WhiteElo "2260"]
[BlackElo "2215"]
[EventDate "1984.02.14"]
[PlyCount "133"]

1.e4 Nf6 2.e5 Nd5 3.d4 d6 4.Nf3 Bg4 5.Be2 e6 6.O-O Be7 7.h3 Bh5 8.c4 Nb6 
9.Nc3 O-O 10.Be3 N8d7 11.exd6 cxd6 12.b3 h6 13.Bf4 a6 14.Re1 Re8 15.Bd3 
Nf8 16.g4 Bg6 17.Bf1 Qd7 18.a4 Rad8 19.a5 Nc8 20.Bg2 Nh7 21.Nd2 f5 22.Qe2 
Bf6 23.Nf3 Kh8 24.Rad1 Qf7 25.Na4 fxg4 26.hxg4 Ng5 27.Nxg5 hxg5 28.Bc1 Qc7
29.Be4 Ne7 30.Qd3 Bxe4 31.Qxe4 Qxa5 32.Re3 Nc6 33.Qg6 Kg8 34.Kg2 e5 35.d5 
Ne7 36.Qh5 Kf8 37.Rh3 e4 38.Bxg5 Ng8 39.Bxf6 Nxf6 40.Qf5 Re5 41.Qf4 Ke7 
42.Re3 Rf8 43.c5 Nd7 44.cxd6+ Kxd6 45.Qg3 Ke7 46.Rd4 Kd8 47.d6 Rfe8 48.Nc3
Qc5 49.Rc4 Qxd6 50.Nxe4 Qe6 51.Rd3 b5 52.Rcd4 Re7 53.f3 Ke8 54.Rd6 Rxe4 
55.Rxe6 R4xe6 56.Qf4 Rf6 57.Qc7 Ne5 58.Qc8+ Kf7 59.Rd8 Ng6 60.Kg3 Re3 61.
Qb7+ Ne7 62.Rd7 a5 63.Qd5+ Rfe6 64.Qh5+ g6 65.Qxb5 Rf6 66.Qd5+ Kg7 67.g5 
1-0

[Event "11th Reykjavik op"]
[Site "Reykjavik ISL"]
[Date "1984.02.25"]
[Round "10"]
[White "Lagerman, Robert"]
[Black "King, Daniel John"]
[Result "0-1"]
[WhiteElo "2295"]
[BlackElo "2435"]
[EventDate "1984.02.14"]
[PlyCount "56"]

1.e4 c5 2.Nf3 d6 3.d4 cxd4 4.Nxd4 Nf6 5.Nc3 a6 6.f4 Nbd7 7.Nf3 e5 8.Bd3 g6
9.O-O Bg7 10.Qe1 b5 11.a4 b4 12.Nd1 a5 13.Kh1 Bb7 14.f5 Qc7 15.Ng5 h6 16.
Nxf7 Kxf7 17.fxg6+ Kxg6 18.Ne3 Rag8 19.Qf2 Kf7 20.Nf5 Bf8 21.Bd2 Ke8 22.
Ng3 Kd8 23.c3 b3 24.Qe2 h5 25.Be3 h4 26.Nf5 Bc6 27.Bg1 h3 28.Ng3 Nh5 0-1

[Event "11th Reykjavik op"]
[Site "Reykjavik ISL"]
[Date "1984.02.25"]
[Round "10"]
[White "Hector, Jonny"]
[Black "Burger, Karl"]
[Result "0-1"]
[WhiteElo "2350"]
[BlackElo "2305"]
[EventDate "1984.02.14"]
[PlyCount "134"]

1.e4 c6 2.d4 d5 3.Nd2 dxe4 4.Nxe4 Bf5 5.Ng3 Bg6 6.h4 h6 7.Nf3 Nd7 8.h5 Bh7
9.Bd3 Bxd3 10.Qxd3 e6 11.Bd2 Qc7 12.Kf1 Ngf6 13.Re1 Bd6 14.Nf5 O-O 15.
Nxh6+ gxh6 16.Bxh6 Rfe8 17.g4 Kh8 18.g5 Ng4 19.Nh4 Nxh6 20.Ng6+ Kg7 21.
gxh6+ Kxh6 22.Qf3 f5 23.Qg2 Nf6 24.Ne7 Rg8 25.Nxg8+ Rxg8 26.Qf3 Ne4 27.Ke2
Ng5 28.Qb3 Qb6 29.Kd3 Qxb3+ 30.axb3 Ne4 31.Rhf1 Rg2 32.f3 Ng5 33.c4 Rxb2 
34.Kc3 Rh2 35.d5 cxd5 36.cxd5 e5 37.b4 Rh4 38.Rb1 b5 39.Rb3 Rc4+ 40.Kb2 
Kxh5 41.Ra1 e4 42.fxe4 Be5+ 43.Ka2 Rc2+ 44.Kb1 Bxa1 45.Kxc2 Nxe4 46.Kd3 
Be5 47.Ra3 Bb8 48.Ra5 Nd6 49.Ra1 Nc4 50.Rg1 Bc7 51.Ke2 Nb6 52.Ra1 Nxd5 53.
Rxa7 Kg4 54.Ra1 Bb6 55.Ra8 Nxb4 56.Re8 Kf4 57.Kd2 Nd5 58.Kd3 Ba7 59.Ra8 
Bc5 60.Re8 Ne7 61.Rb8 b4 62.Kc4 Bd6 63.Rb5 Ke4 64.Rb6 Ke5 65.Rb5+ Ke6 66.
Rb6 Ng6 67.Kd4 Nf8 0-1

[Event "11th Reykjavik op"]
[Site "Reykjavik ISL"]
[Date "1984.02.25"]
[Round "10"]
[White "Johannesson, Larus"]
[Black "Gudmundsson, Elvar"]
[Result "0-1"]
[WhiteElo "2300"]
[BlackElo "2330"]
[EventDate "1984.02.14"]
[PlyCount "78"]

1.e4 c5 2.Nf3 e6 3.d4 cxd4 4.Nxd4 Nc6 5.Nb5 d6 6.c4 Nf6 7.N1c3 a6 8.Na3 
Be7 9.Be2 O-O 10.O-O b6 11.Be3 Ne5 12.Qb3 Ned7 13.Rfd1 Qc7 14.Rac1 Rb8 15.
f3 Bb7 16.Kh1 Kh8 17.Qc2 Rbc8 18.Bf1 Qb8 19.Qd2 Bd8 20.Bf4 Ne5 21.Qxd6 Bc7
22.Bxe5 Bxd6 23.Bxd6 Rc7 24.Bxc7 Qxc7 25.b4 g5 26.c5 g4 27.Ne2 gxf3 28.
gxf3 Nxe4 29.fxe4 Bxe4+ 30.Bg2 Qc6 31.Nf4 Rg8 32.Rg1 e5 33.Rc4 Bxg2+ 34.
Nxg2 f5 35.cxb6 Qxb6 36.Nc2 Qf2 37.Rc3 f4 38.Nce1 e4 39.Rc2 Qd4 0-1

[Event "11th Reykjavik op"]
[Site "Reykjavik ISL"]
[Date "1984.02.25"]
[Round "10"]
[White "Jonsson, Bjorgvin"]
[Black "Einarsson, Halldor"]
[Result "1/2-1/2"]
[WhiteElo "2255"]
[BlackElo "2285"]
[EventDate "1984.02.14"]
[PlyCount "125"]

1.d4 Nf6 2.c4 e6 3.Nf3 c5 4.d5 exd5 5.cxd5 d6 6.Nc3 g6 7.Bf4 Bg7 8.e4 O-O 
9.Be2 Bg4 10.O-O a6 11.a4 Re8 12.Nd2 Bxe2 13.Qxe2 Nh5 14.Be3 Nd7 15.a5 Qh4
16.Nc4 Nf4 17.Bxf4 Qxf4 18.g3 Qf6 19.f4 Qe7 20.e5 dxe5 21.f5 e4 22.d6 Qd8 
23.Nd5 Bd4+ 24.Kh1 Ne5 25.fxg6 hxg6 26.Nf6+ Kg7 27.Nxe8+ Qxe8 28.Nb6 Rd8 
29.Qxe4 Rxd6 30.Rae1 Re6 31.Nd5 f5 32.Qg2 Qf7 33.Nf4 Re8 34.Qd5 Qxd5+ 35.
Nxd5 Rd8 36.Nf4 Kf6 37.Re2 g5 38.Ng2 Nc4 39.b3 Nxa5 40.Ne3 Bxe3 41.Rxe3 
Nc6 42.g4 f4 43.h4 Nd4 44.hxg5+ Kxg5 45.Re5+ Kxg4 46.Rg1+ Kf3 47.Rf1+ Kg4 
48.Rg1+ Kh4 49.Re7 Rh8 50.Re4 Rf8 51.Re7 Rf5 52.Rg2 Nf3 53.Rh7+ Rh5 54.Rf7
Kh3 55.Rxf4 Nh4 56.Rg1 Rf5 57.Rxf5 Nxf5 58.Rg5 Nd4 59.Rxc5 Kg3 60.Rc4 Nc6 
61.Kg1 Kf3 62.Kf1 Ke3 63.Ke1 1/2-1/2

[Event "11th Reykjavik op"]
[Site "Reykjavik ISL"]
[Date "1984.02.25"]
[Round "10"]
[White "Kristjansson, Bragi"]
[Black "Knezevic, Milorad"]
[Result "1/2-1/2"]
[WhiteElo "2295"]
[BlackElo "2450"]
[EventDate "1984.02.14"]
[PlyCount "34"]

1.e4 Nf6 2.e5 Nd5 3.d4 d6 4.Nf3 Bg4 5.Be2 c6 6.O-O Bxf3 7.Bxf3 dxe5 8.dxe5
e6 9.Qe2 Nd7 10.c4 Ne7 11.Bg4 Qc7 12.f4 Nf5 13.Nc3 O-O-O 14.Bxf5 exf5 15.
Be3 Bc5 16.Na4 Bxe3+ 17.Qxe3 Nb6 1/2-1/2

[Event "11th Reykjavik op"]
[Site "Reykjavik ISL"]
[Date "1984.02.25"]
[Round "10"]
[White "Lobron, Eric"]
[Black "Ree, Hans"]
[Result "0-1"]
[WhiteElo "2520"]
[BlackElo "2480"]
[EventDate "1984.02.14"]
[PlyCount "50"]

1.e4 c5 2.Nc3 d6 3.Nge2 Nf6 4.d4 cxd4 5.Nxd4 e6 6.g4 h6 7.g5 hxg5 8.Bxg5 
Nc6 9.Qd2 Qb6 10.Nb3 a6 11.O-O-O Bd7 12.h4 Be7 13.Bxf6 Bxf6 14.Qxd6 O-O-O 
15.Qg3 Qc7 16.f4 g5 17.e5 gxf4 18.Qxf4 Qxe5 19.Qf2 Bxh4 20.Rxh4 Qg5+ 21.
Rf4 e5 22.Ne4 Bg4 23.Bd3 Qxf4+ 24.Qxf4 exf4 25.Rf1 Ne5 0-1

[Event "11th Reykjavik op"]
[Site "Reykjavik ISL"]
[Date "1984.02.25"]
[Round "10"]
[White "Olafsson, Helgi"]
[Black "Hjartarson, Johann"]
[Result "1-0"]
[WhiteElo "2445"]
[BlackElo "2415"]
[EventDate "1984.02.14"]
[PlyCount "75"]

1.Nf3 Nf6 2.c4 e6 3.g3 d5 4.d4 dxc4 5.Bg2 c5 6.O-O Nc6 7.Qa4 cxd4 8.Nxd4 
Qxd4 9.Bxc6+ Bd7 10.Rd1 Qxd1+ 11.Qxd1 Bxc6 12.Nd2 c3 13.bxc3 O-O-O 14.Qb3 
Bc5 15.Nf3 Ne4 16.Nd4 Rxd4 17.cxd4 Bxd4 18.Rb1 Bxf2+ 19.Kf1 h5 20.Bf4 g5 
21.Bxg5 h4 22.gxh4 Bxh4 23.Qb2 f6 24.Bxh4 Rxh4 25.Rc1 Kc7 26.Qa3 Nd6 27.
Qg3 Rh5 28.Rd1 Bd5 29.Qg7+ Kc6 30.Rc1+ Bc4 31.Qg4 Rf5+ 32.Ke1 b5 33.h4 e5 
34.h5 Rf4 35.Qg2+ Kb6 36.h6 Ne4 37.h7 Rh4 38.h8=Q 1-0

[Event "11th Reykjavik op"]
[Site "Reykjavik ISL"]
[Date "1984.02.25"]
[Round "10"]
[White "Petursson, Margeir"]
[Black "Geller, Efim"]
[Result "1/2-1/2"]
[WhiteElo "2465"]
[BlackElo "2560"]
[EventDate "1984.02.14"]
[PlyCount "37"]

1.d4 Nf6 2.c4 c5 3.d5 b5 4.Nf3 g6 5.Nfd2 Bg7 6.e4 bxc4 7.Nc3 O-O 8.Nxc4 d6
9.Be2 Nbd7 10.O-O Ba6 11.Ne3 Bxe2 12.Qxe2 Rb8 13.Rb1 Rb4 14.Nc2 Rb7 15.Bd2
Qc7 16.b3 Rfb8 17.Ne3 Nb6 18.f3 Qd7 19.Rfd1 1/2-1/2

[Event "11th Reykjavik op"]
[Site "Reykjavik ISL"]
[Date "1984.02.25"]
[Round "10"]
[White "Petursson, Palmi"]
[Black "Taylor, Gordon"]
[Result "1-0"]
[WhiteElo "2370"]
[BlackElo "2325"]
[EventDate "1984.02.14"]
[PlyCount "59"]

1.e4 c5 2.Nf3 e6 3.d4 cxd4 4.Nxd4 Nf6 5.Nc3 d6 6.Be3 Be7 7.Bc4 Nc6 8.Bb3 
Qa5 9.O-O O-O 10.h3 Bd7 11.Qe1 Qc7 12.Ndb5 Qb8 13.Rd1 a6 14.Nd4 b5 15.f4 
b4 16.Na4 Nxe4 17.f5 d5 18.fxe6 fxe6 19.Nf5 Rxf5 20.Rxf5 Bd6 21.Nb6 Ra7 
22.Nxd5 Bg3 23.Bxa7 Qxa7+ 24.Qe3 Bb8 25.Nb6 Bc7 26.Qxe4 Bxb6+ 27.Kh1 Nd8 
28.Rdf1 Bc5 29.Qe3 Bxe3 30.Rf8# 1-0

[Event "11th Reykjavik op"]
[Site "Reykjavik ISL"]
[Date "1984.02.25"]
[Round "10"]
[White "Sigurjonsson, Gudmundur"]
[Black "Ornstein, Axel"]
[Result "1-0"]
[WhiteElo "2470"]
[BlackElo "2405"]
[EventDate "1984.02.14"]
[PlyCount "93"]

1.e4 e5 2.Nf3 Nc6 3.Bb5 a6 4.Ba4 Nf6 5.O-O Be7 6.Re1 b5 7.Bb3 O-O 8.c3 d6 
9.h3 Nb8 10.d4 Nbd7 11.Nbd2 Bb7 12.Bc2 Re8 13.b3 Bf8 14.d5 c6 15.c4 a5 16.
a4 bxc4 17.bxc4 Nc5 18.Nb1 Ba6 19.Na3 Qc7 20.Bd2 Reb8 21.Bc3 g6 22.Qd2 Bc8
23.Qe3 Bd7 24.dxc6 Bxc6 25.Nb5 Qe7 26.Nd2 Rb7 27.Red1 Rd7 28.Bb2 Nh5 29.
Ba3 Nf4 30.Kh2 Bh6 31.Nxd6 Qxd6 32.Bxc5 Qe6 33.Nf3 Rxd1 34.Rxd1 Kg7 35.Qc3
Ne2 36.Qb2 Qxc4 37.Bd6 Bf4+ 38.g3 Bxe4 39.Bxe5+ Kg8 40.Bh8 Bh6 41.Bb3 Qb4 
42.Ne5 Qc3 43.Qxe2 Qxb3 44.Qxe4 Re8 45.Re1 Qe6 46.Bf6 Qxf6 47.Ng4 1-0